Polsko: roční bilance reformy.
Poľský Sejm rozhodol orientovať hospodársku politiku na tri úlohy: stabilizovať ekonomiku potlačením inflácie, prejsť k trhovej ekonomike transformáciou zoštátneného sektoru a zmierniť sociálne dôsledky týchto procesov. Zhodnotenie ročných výsledkov tohto programu. Bilancia výsledkov ukázala, že raz...
Salvato in:
| Autore principale: | |
|---|---|
| Natura: | Capitolo di libro |
| Lingua: | ceco |
| Soggetti: | |
| Tags: |
Nessun Tag, puoi essere il primo ad aggiungerne!!
|
MARC
| LEADER | 00000naa a2200000 4500 | ||
|---|---|---|---|
| 001 | r002953 | ||
| 005 | 20221125080201.0 | ||
| 041 | 0 | |a cze | |
| 044 | |a [CS] | ||
| 245 | 1 | 0 | |a Polsko: roční bilance reformy. |c Luděk Urban |
| 520 | |a Poľský Sejm rozhodol orientovať hospodársku politiku na tri úlohy: stabilizovať ekonomiku potlačením inflácie, prejsť k trhovej ekonomike transformáciou zoštátneného sektoru a zmierniť sociálne dôsledky týchto procesov. Zhodnotenie ročných výsledkov tohto programu. Bilancia výsledkov ukázala, že razantne uskutočňovaný stabilizačný a protiinflačný program môže ekonomiku priviesť do stagnácie. | ||
| 610 | 2 | 0 | |a reformy hospodárske |
| 610 | 2 | 0 | |a PR |
| 610 | 2 | 0 | |a 1990 |
| 610 | 2 | 0 | |a politika hospodárska |
| 610 | 2 | 0 | |a hospodárstvo trhové |
| 610 | 2 | 0 | |a inflácia |
| 100 | 1 | |a Urban, Luděk | |